000 00762cam a2200229 4500
005 20250703134432.0
008 1987 a spa
020 _a9501404005
050 0 4 _aK564.C6
_bD47 1987
245 0 0 _aDerecho informático
_c / Carlos M. Correa,...[et al.]
250 _a1a ed.
260 _aBuenos Aires :
_bEdiciones Depalma,
_c1987
300 _axv, 341 p. ;
_c23 cm.
504 _aBibliografía : p. 327-341
650 4 _aDerecho informático
650 7 _2lemb
_aSistemas de almacenamiento y recuperación de información
700 1 _aCorrea, Carlos M.,
_eautor
700 1 _aBatto, Hilda N.,
_eautor
700 1 _aCzar de Zalduendo, Susana,
_eautor
700 1 _aNazar Espeche, Félix A.,
_eautor
942 _2lcc
_cLIB
999 _c133789
_d133789